Cuentos y poemas en prosa / (Record no. 89544)

MARC details
000 -CABECERA
campo de control de longitud fija 00696nam a22002173a 4500
005 - FECHA Y HORA DE LA ÚLTIMA TRANSACCIÓN
campo de control 20210223124608.0
008 - ELEMENTOS DE LONGITUD FIJA--INFORMACIÓN GENERAL
campo de control de longitud fija 010531s2000 mx fr 000 0 spa d
020 ## - NÚMERO INTERNACIONAL NORMALIZADO PARA LIBROS
Número Internacional Estándar del Libro 9701848012
035 ## - NÚMERO DE CONTROL DEL SISTEMA
Número de control de sistema UPN01000116902
049 ## - COLECCIÓN
Colección CG
050 #4 - SIGNATURA TOPOGRÁFICA DE LA BIBLIOTECA DEL CONGRESO
Número de clasificación PR5814 E8
Número de documento/Ítem C8
100 1# - ASIENTO PRINCIPAL--NOMBRE PERSONAL
Nombre de persona Wilde, Oscar,
Fechas asociadas al nombre 1854-1900
9 (RLIN) 28364
245 10 - MENCIÓN DE TÍTULO
Título Cuentos y poemas en prosa /
Mención de responsabilidad, etc. Oscar Wilde ; tr. Julio Gómez de la Serna ; presentación Angélica Tornero.
260 ## - PUBLICACIÓN, DISTRIBUCIÓN, ETC.
Lugar de publicación, distribución, etc. México :
Nombre del editor, distribuidor, etc. CNCA, Dirección General de Publicaciones,
Fecha de publicación, distribución, etc. 2000.
300 ## - DESCRIPCIÓN FÍSICA
Extensión 137 p.
440 #0 - MENCIÓN DE SERIE/ASIENTO SECUNDARIO--TÍTULO
Título Clásicos para hoy ;
Designación de volumen o secuencia 43
600 14 - ASIENTO SECUNDARIO DE MATERIA - NOMBRE PERSONAL
Nombre de persona WILDE, OSCAR,
Fechas asociadas al nombre 1854-1900 -
Subdivisión general SELECCION, EXTRACTOS, ETC.
901 ## - ELEMENTOS DE DATOS A LOCAL LDA (RLIN)
a 184918
902 ## - ELEMENTOS DE DATOS B LOCAL, LDB (RLIN)
Creó CAA/npd
905 ## - TIPO DE MATERIAL
Tipo de material Libro
Holdings
Estado de retiro Estado de pérdida Fuente del sistema de clasificación o colocación Estado dañado No para préstamo Código de colección Localización permanente Ubicación/localización actual Ubicación en estantería Total de préstamos Clasificación Código de barras Fecha visto por última vez Número de copia Tipo de ítem Koha
    Library of Congress Classification     Colección General Bib. Gregorio Torres Quintero Bib. Gregorio Torres Quintero Planta baja 25 PR5814 E8 C8 184918 31/12/2020 1 Libro